000 00443nam a22001817a 4500
003 MPLRDC
005 20220104142928.0
008 210129b ||||| |||| 00| 0 eng d
020 _a7-5619-0028-7
082 _a172.2 GEL
100 _a耿二岭
245 _a体态语概说
_c
250 _a一版一刷
260 _a
_b北京语言学院出版社
_c1988
300 _b
650 _a感官生理心理学
942 _cBK
_o172.2 GEL
999 _c34984
_d34974